100 fotografías de Juan Rulfo /
Rulfo publicó inicialmente once fotografías en la revista América en 1949 y presentó una primera y pequeña exposición, formada por poco más de veinte imágenes, en Guadalajara, en 1960, pero esta faceta creativa se hizo pública y más conocida principalmente a raíz de la muestra montada en el Palacio...
I tiakina i:
| Kaituhi matua: | |
|---|---|
| Ētahi atu kaituhi: | , , |
| Hōputu: | Pukapuka |
| Reo: | Pāniora |
| I whakaputaina: |
México :
Editorial RM,
2013, c2013
|
| Putanga: | 1a edición, 1a reimpresión |
| Ngā marau: | |
| Ngā Tūtohu: |
Kāore He Tūtohu, Me noho koe te mea tuatahi ki te tūtohu i tēnei pūkete!
|
MARC
| LEADER | 00000nam^a2200000^a^4500 | ||
|---|---|---|---|
| 001 | 000335687 | ||
| 005 | 20250521000000.0 | ||
| 009 | 20260310114237.077 | ||
| 020 | |a 978-607-7515-63-0 | ||
| 020 | |a 978-84-92480-91-3 | ||
| 037 | |a Acervo ITESO - Biblioteca | ||
| 041 | |a GRA | ||
| 041 | |a ESP | ||
| 082 | |a 770. 972 |b RUL JIM | ||
| 100 | |a Rulfo, Juan |e (fotógrafo) | ||
| 245 | 1 | 0 | |a 100 fotografías de Juan Rulfo / |c Textos y fotografías de J. Rulfo ; texto de V. Jiménez, D. De Luigi, A. Dempsey ; tr. por Amy Taylor, Marisela Valdés Alanis, Sandra Luna. |
| 250 | |a 1a edición, 1a reimpresión | ||
| 264 | 4 | |a México : |b Editorial RM, |c 2013, c2013 | |
| 300 | |a 139 p. | ||
| 336 | |a texto |b txt |2 rdacontenido | ||
| 337 | |a sin mediación |b n |2 rdamedio | ||
| 338 | |a volumen |b nc |2 rdasoporte | ||
| 520 | |a Rulfo publicó inicialmente once fotografías en la revista América en 1949 y presentó una primera y pequeña exposición, formada por poco más de veinte imágenes, en Guadalajara, en 1960, pero esta faceta creativa se hizo pública y más conocida principalmente a raíz de la muestra montada en el Palacio de Bellas Artes de la Ciudad de México en 1980 y el correspondiente catálogo titulado Homenaje nacional. Andrew Desmpsey y Daniele De Luigi reúnen esta vez una selección de cien fotografías de Rulfo, en la que aparecen representados –con excepción de la danza- los diversos géneros fotográficos que cultivó el jalisciense, de modo ponderado con el lugar que ocupan en su archivo. Ambos antologadores contribuyen con textos sobre la fotografía de Rulfo y a ellos se une Víctor Jiménez, especialista en las fotos del jalisciense dedicadas a la arquitectura. Son incorporados asimismo dos textos del propio Rulfo, referidos a la fotografía mexicana de Henri Cartier-Bresson y la de Nacho López. | ||
| 546 | |a Edición gráfica con texto en español | ||
| 586 | |a Premio Príncipe de Asturias de las Letras 1983 | ||
| 586 | |a Premio Nacional de Ciencias y Artes, categoría Lingüística y Literatura (21°: 1970) | ||
| 649 | |a XX | ||
| 650 | |a Fotógrafos Jaliscienses | ||
| 650 | |a Fotógrafos Mexicanos | ||
| 650 | |a Fotógrafos Franceses | ||
| 650 | |a Escritores Jaliscienses | ||
| 650 | |a Escritores Mexicanos | ||
| 650 | |a Artistas Jaliscienses | ||
| 650 | |a Artistas Mexicanos | ||
| 650 | |a Artistas Franceses | ||
| 650 | |a Fotografía Jalisciense - |x Historia y Crítica | ||
| 650 | |a Fotografía Jalisciense - |y Siglo XX | ||
| 650 | |a Fotografía Mexicana - |x Historia y Crítica | ||
| 650 | |a Fotografía Mexicana - |y Siglo XX | ||
| 650 | |a Fotografía Francesa - |x Historia y Crítica | ||
| 650 | |a Fotografía Francesa - |y Siglo XX | ||
| 650 | |a Arte Jalisciense - |x Historia y Crítica | ||
| 650 | |a Arte Jalisciense - |y Siglo XX | ||
| 650 | |a Arte Mexicano - |x Historia y Crítica | ||
| 650 | |a Arte Mexicano - |y Siglo XX | ||
| 650 | |a Arte Francés - |x Historia y Crítica | ||
| 650 | |a Arte Francés - |y Siglo XX | ||
| 650 | |a México - |x Fotografías - |x Tema Principal | ||
| 650 | |a México - |x Descripción | ||
| 650 | |a Rulfo, Juan - |x Tema Principal | ||
| 650 | |a Cartier-Bresson, Henri | ||
| 600 | |a López, Nacho | ||
| 700 | |a Jiménez, Víctor |e (texto) | ||
| 700 | |a Luigi, Daniele De |e (texto) | ||
| 700 | |a Dempsey, Andrew |e (texto) | ||
| 910 | |a Fondo General | ||
| 920 | |a Impresos - Libros | ||
| 930 | |a Colección General | ||
| 905 | |a 101 | ||
| 901 | |a 0500225141 |b IT1 |c ACC |i C138258 |u 20250521 | ||
| 902 | |a https://opac.biblio.iteso.mx/vufind/Record/000335687 | ||